000
00341 a2200169 4500
001
178793
020
_a
85-7319-412-X
040
_c
Magnum
100
_a
Zatz, Lia
240
1
0
_a
Jogo duro
_l
por
245
1
0
_a
Jogo duro
300
_a
102
362
0
_a
2004
440
1
_a
Dimensão
697
_a
LITERATURA INFANTO-JUVENIL
942
_c
BK
999
_c
178793
_d
178793